Normal view
MARC view
Entry Topical Term
001 - CONTROL NUMBER
- control field: 257014
003 - CONTROL NUMBER IDENTIFIER
- control field: OSt
005 - DATE AND TIME OF LATEST TRANSACTION
- control field: 20260227101248.0
008 - FIXED-LENGTH DATA ELEMENTS
- fixed length control field: 260227|| aca||aabn | a|a d
040 ## - CATALOGING SOURCE
- Original cataloging agency: OSt
- Transcribing agency: OSt
150 ## - HEADING--TOPICAL TERM
- Topical term or geographic name entry element: Proceedings of the national seminar held in Mulki Sunder Ram Shetty College Shirva on 24-25 March 2011
670 ## - SOURCE DATA FOUND
- Source citation: Work cat.: (OSt)215394: Subrahamanya K Bhat 257012, Karnatakas overseas contacts and trade through the ages, 2011